Statistiques concernant LoL : Tous les Champions

Cliquez ici pour prendre le quiz!

Statistiques générales

  • Ce quiz a été pris 3 881 fois
    (1 485 depuis la dernière actualisation)
  • Le résultat moyen est 70 sur 165

Statistiques - réponses

RôleChampions% Correct
Combattant / TankGaren
82%
Combattant / TankDarius
80%
Combattant / TankAatrox
79%
Assassin / CombattantLee Sin
73%
Assassin / MageAhri
72%
AssassinAkali
72%
Assassin / CombattantVi
72%
Assassin / CombattantYasuo
69%
Mage / SupportLux
68%
Assassin / CombattantYone
67%
Tireur / SupportAshe
65%
TireurCaitlyn
65%
TireurJinx
65%
AssassinZed
65%
Mage / TireurAzir
63%
Combattant / TankBlitzcrank
62%
TireurMiss Fortune
60%
Combattant / TankNautilus
59%
Support / TankAlistar
57%
Assassin / MageKatarina
57%
Assassin / TireurTeemo
56%
Mage / TireurEzreal
55%
Mage / SupportLulu
54%
TireurKai'Sa
52%
TireurLucian
52%
Mage / SupportMorgana
52%
TireurAphelios
51%
AssassinTalon
51%
Mage / TireurJhin
50%
Combattant / TankWarwick
50%
Mage / TankAmumu
49%
MageAurelion Sol
49%
MageBrand
49%
Support / TankBraum
49%
Mage / SupportAnivia
48%
Combattant / TankOrnn
48%
Combattant / TankRenekton
48%
Assassin / TireurTristana
48%
Assassin / CombattantViego
48%
Mage / SupportBard
47%
TireurDraven
47%
Support / TireurSenna
47%
Combattant / TankSion
47%
Assassin / TireurAkshan
46%
MageAnnie
46%
Assassin / CombattantFizz
46%
Assassin / CombattantKayn
46%
Support / TankLeona
46%
Assassin / CombattantMaitre Yi
46%
Assassin / TireurVayne
46%
TireurXayah
46%
Mage / SupportZyra
46%
CombattantMordekaiser
45%
Mage / SupportOrianna
45%
SupportRakan
45%
TankK'Sante
44%
Combattant / SupportThresh
44%
MageVeigar
44%
Assassin / CombattantJax
43%
TireurKalista
43%
AssassinKha'Zix
43%
Combattant / TankMalphite
43%
Mage / TankMaokai
43%
Combattant / TankNasus
43%
Assassin / SupportPyke
43%
Combattant / TankSett
43%
Combattant / TankVolibear
43%
MageXerath
43%
Combattant / TankZac
43%
CombattantBel'Veth
42%
Assassin / CombattantEkko
42%
Mage / SupportHeimerdinger
42%
Assassin / CombattantIrelia
42%
Combattant / TankOlaf
42%
TireurSamira
42%
Mage / TireurVarus
42%
MageVel'Koz
42%
Mage / SupportYuumi
42%
TireurZeri
42%
Assassin / CombattantFiora
41%
Combattant / TankIllaoi
41%
Combattant / TankJarvan IV
41%
Mage / SupportNami
41%
Combattant / TankNunu et Willump
41%
Assassin / CombattantTryndamere
41%
Assassin / MageEvelynn
40%
Combattant / MageGragas
40%
Combattant / TireurJayce
40%
Assassin / MageKassadin
40%
Mage / SupportZoé
40%
Mage / TankCho'Gath
39%
CombattantRek'Sai
39%
Mage / SupportZilean
39%
TireurCorki
38%
Combattant / TankDr.Mundo
38%
Combattant / SupportKayle
38%
Assassin / CombattantRengar
38%
Combattant / TankSejuani
38%
Assassin / MageSylas
38%
Mage / SupportSyndra
38%
Assassin / CombattantXin Zhao
38%
Combattant / TankCamille
37%
CombattantGangplank
37%
Combattant / TankGnar
37%
Assassin / MageLeBlanc
37%
Assassin / CombattantPantheon
37%
Mage / SupportSéraphine
37%
MageZiggs
37%
CombattantBriar
36%
Mage / SupportJanna
36%
Mage / TireurKog'Maw
36%
Combattant / MageLillia
36%
Assassin / CombattantNocturne
36%
Combattant / MageRumble
36%
MageTwisted Fate
36%
MageViktor
36%
Combattant / TankYorick
36%
MageCassiopeia
35%
Combattant / MageDiana
35%
Mage / TankGalio
35%
Combattant / TankHecarim
35%
Mage / SupportSona
35%
Support / TankTahm Kench
35%
TireurGraves
34%
Combattant / TankPoppy
34%
Mage / SupportSoraka
34%
Combattant / MageSwain
34%
Assassin / TireurTwitch
34%
Combattant / TankUrgot
34%
Mage / TireurKennen
33%
Combattant / TankRammus
33%
Combattant / MageRyze
33%
AssassinShaco
33%
TankShen
33%
Combattant / TankSinged
33%
Mage / SupportIvern
32%
Mage / SupportKarma
32%
TireurKindred
31%
MageLissandra
31%
SupportMilio
31%
AssassinNaafiri
31%
Mage / SupportRenata Glasc
31%
Assassin / CombattantRiven
31%
Assassin / MageMalzahar
30%
Mage / SupportNeeko
30%
Assassin / MageNidalee
30%
Assassin / TireurQuinn
30%
Combattant / SupportTaric
30%
MageVex
30%
Combattant / MageElise
29%
Assassin / CombattantGwen
29%
TireurSivir
29%
TankRell
28%
Combattant / TankShyvana
28%
Combattant / TankUdyr
28%
Assassin / CombattantNilah
27%
Assassin / CombattantQiyana
27%
Combattant / TankSkarner
27%
Combattant / TankTrundle
27%
MageVladimir
27%
Combattant / TankKled
26%
Mage / SupportFiddlesticks
25%
MageKarthus
25%
Combattant / TankWukong
25%
Mage / SupportTaliyah
23%

Distribution des résultats

Percentile par nombre de réponses

% des personnes avec chaque résultat

Votre développement - résultats

Vous n’avez pas pris ce quiz depuis la dernière actualisation